000 00346 a2200109 4500
020 _a0070628785
082 _a624.1719 TAR
100 _aTaranath, Bangale S.
245 _aStructural Analysis and Design of Tall Buildings/
_cBangale S. Taranath
260 _aNew York :
_bMc Graw Hill,
_c1988
300 _axi, 739p. :
_bill. ;
_c23 cm
650 _aStructural Analysis -- Buildings
999 _c1251
_d1251